なんばから出る鉄道の列車の行き先 - Statistics

General Stats
  • This quiz has been taken 416 times
  • The average score is 38 of 50
Answer Stats
Hint Answer % Correct
関西本線 奈良
97%
奈良線 京都
93%
近鉄京都線 京都
93%
近鉄名古屋線 近鉄名古屋
93%
南海空港線 関西空港
93%
近鉄奈良線 近鉄奈良
92%
南海本線 和歌山市
92%
近鉄奈良線 大和西大寺
91%
Osaka Metro 御堂筋線 新大阪
91%
近鉄鳥羽線 鳥羽
90%
Osaka Metro 御堂筋線 中百舌鳥
90%
南海和歌山港線 和歌山港
89%
Osaka Metro 御堂筋線 天王寺
89%
近鉄志摩線 賢島
88%
阪神なんば線 尼崎
88%
阪神本線 神戸三宮
88%
関西本線 王寺
87%
関西本線 加茂
85%
Osaka Metro 御堂筋線 江坂
85%
近鉄山田線 宇治山田
84%
南海高野線 橋本
84%
Osaka Metro 御堂筋線 中津
83%
泉北高速鉄道線 和泉中央
81%
北大阪急行電鉄南北線延伸線 箕面萱野
81%
南海高野線 極楽橋
80%
Osaka Metro 四つ橋線 西梅田
80%
近鉄奈良線 東花園
78%
Osaka Metro 四つ橋線 住之江公園
78%
近鉄奈良線 石切
77%
南海本線 泉佐野
76%
Osaka Metro 千日前線 野田阪神
76%
近鉄鳥羽線 五十鈴川
73%
南海高野線 河内長野
73%
Osaka Metro 御堂筋線 我孫子
73%
Osaka Metro 千日前線 南巽
72%
南海高野線 林間田園都市
70%
Osaka Metro 御堂筋線 新金岡
70%
和歌山線 高田
69%
近鉄大阪線 名張
69%
近鉄山田線 松阪
69%
近鉄奈良線 東生駒
67%
南海本線 みさき公園
67%
関西本線 柏原
64%
Osaka Metro 四つ橋線 北加賀屋
61%
南海高野線 金剛
59%
南海高野線 三日市町
48%
南海本線 羽倉崎
45%
南海高野線 北野田
45%
南海高野線 千代田
37%
南海本線 樽井
35%
No matching quizzes found
Score Distribution
Percent of People with Each Score
Percentile by Number Answered
Your Score History
You have not taken this quiz